000
00206 a2200097 4500
001
29409
100
_a
245
_a
Key to English adjective-1
260
_a
_b
Collier Macmillan
_c
090
_c
19622
_d
19622
942
_a
NUST-CAE
_c
M
_c
10694
999
_c
264482
_d
264482